| 000 | 01099naa a2200301 c 4500 | ||
|---|---|---|---|
| 001 | 26757 | ||
| 003 | ES-MaCES | ||
| 005 | 20150925135356.0 | ||
| 008 | 940729n1993 sp ||| | spa d | ||
| 035 | _aCES19980006916v | ||
| 040 |
_aES-MaCES _bspa _cES-MaCES |
||
| 100 | 1 |
_aRamírez Pérez, Lucas _921678 |
|
| 245 | 1 | 0 |
_aEconomía y medio ambiente _b: ¿comienzo de un nuevo encuentro? _cLucas Ramírez Pérez, Juan Manuel Redondo Pérez |
| 611 | 2 | 4 |
_aCongreso Nacional de Economía _n4º _d1992 _cMadrid _9348 |
| 611 | 2 | 4 |
_aCongreso Nacional del Medio Ambiente _n1º _d1992 _cMadrid _9347 |
| 650 | 4 |
_acomentario _928971 |
|
| 650 | 4 |
_aconferencia _927013 |
|
| 650 | 4 |
_a1992 _930809 |
|
| 650 | 4 |
_aEspaña _926964 |
|
| 650 | 4 |
_aprotección ambiental _929423 |
|
| 653 | 1 | 0 | _aMedio ambiente |
| 650 | 4 |
_928715 _amedio ambiente |
|
| 700 | 1 |
_aRedondo Pérez, Juan Manuel _921834 |
|
| 773 | 0 |
_tEconomistas _g[Madrid]. - Año 10, n. 55 extraordinario (1993) ; p. 430-434 _w(ES-MaCES)25299 |
|
| 902 | _aART Artículo de revista | ||
| 942 |
_2CES _cAR _h4.2. |
||
| 999 |
_c26757 _d26757 |
||